Welche Bedeutung hat die neurobiologische Forschung für die Rechtswissenschaften und die Forensische Psychiatrie?

Saved in:
Bibliographic Details
Main Author: Dreßing, Harald (Author)
Format: Chapter/Article Conference Paper
Language:German
Published: 2010
In: Gefährliche Menschenbilder
Year: 2010, Pages: 50-63
Online Access: Get full text
Author Notes:Harald Dreßing

MARC

LEADER 00000caa a2200000 c 4500
001 1395586721
003 DE-627
005 20240730204532.0
007 tu
008 100706s2010 xx ||||| 00| ||ger c
035 |a (DE-627)1395586721 
035 |a (DE-576)325586721 
035 |a (DE-599)BSZ325586721 
035 |a (OCoLC)1389823072 
040 |a DE-627  |b ger  |c DE-627  |e rakwb 
041 |a ger 
084 |a 11  |2 sdnb 
100 1 |a Dreßing, Harald  |d 1957-  |0 (DE-588)130159395  |0 (DE-627)492008884  |0 (DE-576)298033720  |4 aut 
245 1 0 |a Welche Bedeutung hat die neurobiologische Forschung für die Rechtswissenschaften und die Forensische Psychiatrie?  |c Harald Dreßing 
246 3 0 |a Pädophilie 
264 1 |c 2010 
300 |a 14 
336 |a Text  |b txt  |2 rdacontent 
337 |a ohne Hilfsmittel zu benutzen  |b n  |2 rdamedia 
338 |a Band  |b nc  |2 rdacarrier 
500 |a Literaturangaben 
773 0 8 |i In  |t Gefährliche Menschenbilder  |b 1. Aufl.  |d Baden-Baden : Nomos, 2010  |g (2010), Seite 50-63  |h 441 S.  |w (DE-627)62015361X  |w (DE-576)320934462  |z 9783832946623  |7 nnam  |a Welche Bedeutung hat die neurobiologische Forschung für die Rechtswissenschaften und die Forensische Psychiatrie? 
773 1 8 |g year:2010  |g pages:50-63  |g extent:14  |a Welche Bedeutung hat die neurobiologische Forschung für die Rechtswissenschaften und die Forensische Psychiatrie? 
889 |w (DE-576)9631028704 
889 |w (DE-627)631028706 
935 |i mdedup 
951 |a AR 
992 |a 20230516 
993 |a ConferencePaper 
994 |a 2010 
998 |g 130159395  |a Dreßing, Harald  |m 130159395:Dreßing, Harald  |d 60000  |e 60000PD130159395  |k 0/60000/  |p 1  |x j  |y j 
999 |a KXP-PPN1395586721  |e 4322764355 
BIB |a Y 
JSO |a {"relHost":[{"relMultPart":[{"dispAlt":"Interdisziplinäre Studien zu Recht und Staat","type":{"bibl":"serial"},"physDesc":[{"noteFormat":"23 cm"}],"disp":"Interdisziplinäre Studien zu Recht und Staat","part":{"number":["47"],"number_sort":["47"]},"id":{"eki":["220967601"],"zdb":["1353856-1"],"issn":["2367-2471"]},"language":["ger"],"recId":"220967601","title":[{"title":"Interdisziplinäre Studien zu Recht und Staat","title_sort":"Interdisziplinäre Studien zu Recht und Staat"}],"pubHistory":["1.1994 -"],"origin":[{"publisherPlace":"Baden-Baden ; Baden-Baden","dateIssuedDisp":"1994-","publisher":"Nomos ; Nomos-Verl.-Ges.","dateIssuedKey":"1994"}]}],"origin":[{"editionNo":"1","dateIssuedKey":"2010","publisher":"Nomos","dateIssuedDisp":"2010","publisherPlace":"Baden-Baden","edition":"1. Aufl."}],"note":["Enth. 32 Beitr","Literaturangaben"],"type":{"bibl":"edited-book"},"disp":"Welche Bedeutung hat die neurobiologische Forschung für die Rechtswissenschaften und die Forensische Psychiatrie?Gefährliche Menschenbilder","person":[{"given":"Lorenz","display":"Böllinger, Lorenz","family":"Böllinger","role":"edt"},{"given":"Susanne","display":"Krasmann, Susanne","family":"Krasmann","role":"oth"}],"corporate":[{"display":"Arbeitsgruppentagung Gefährliche Menschenbilder - Bio-Wissenschaften, Gesellschaft und Kriminalität (2008, Bielefeld)","role":"oth"}],"name":{"displayForm":["Lorenz Böllinger ... (Hrsg.)"]},"language":["ger"],"part":{"text":"(2010), Seite 50-63","pages":"50-63","year":"2010","extent":"14"},"id":{"isbn":["9783832946623"],"eki":["62015361X"]},"recId":"62015361X","title":[{"subtitle":"Biowissenschaften, Gesellschaft und Kriminalität","title_sort":"Gefährliche Menschenbilder","title":"Gefährliche Menschenbilder"}],"physDesc":[{"noteIll":"Ill., graph. Darst.","extent":"441 S."}]}],"recId":"1395586721","title":[{"title":"Welche Bedeutung hat die neurobiologische Forschung für die Rechtswissenschaften und die Forensische Psychiatrie?","title_sort":"Welche Bedeutung hat die neurobiologische Forschung für die Rechtswissenschaften und die Forensische Psychiatrie?"}],"origin":[{"dateIssuedDisp":"2010","dateIssuedKey":"2010"}],"note":["Literaturangaben"],"type":{"bibl":"chapter"},"physDesc":[{"extent":"14 S."}],"person":[{"display":"Dreßing, Harald","given":"Harald","family":"Dreßing","role":"aut"}],"name":{"displayForm":["Harald Dreßing"]},"language":["ger"],"id":{"eki":["1395586721"]}} 
SRT |a DRESSINGHAWELCHEBEDE2010